| 000 | 00419nam a2200145Ia 4500 | ||
|---|---|---|---|
| 008 | 191201s2004 xx 000 0 und d | ||
| 082 |
_a005.26 _bCHI |
||
| 100 | _aCHHABRA, Bhupendra Singh | ||
| 245 | 4 | _aIntel 8086/8088 Microprocessors Architecture, Programming Design & Interfacing | |
| 250 | _a3rd | ||
| 260 |
_aN.Delhi _bDhanpat Rai Pubns (P) Ltd _c2004 |
||
| 300 | _a670 | ||
| 650 | _aB.Tech(CSE) | ||
| 942 |
_2ddc _cBK |
||
| 999 |
_c1623 _d1623 |
||